00322nam a2200133Ia 4500008004100000020001500041041001200056082001600068100001300084245003500097260002700132300001000159650001900169221030s9999 xx 000 0 und d a8186555463 aEnglish a105.23bGup aM. Gupta 0aEngineering Mathematics Vol. I bG. K. PubaJabalpurc0 a12.36 aBE Mathematics